[Event "Münsterland Open"]
[Site "Senden"]
[Date "2009.10.15"]
[Round "7.3"]
[White "Lehmann, Holger"]
[Black "Stets, Dmitry"]
[Result "0-1"]
[WhiteElo "2188"]
[BlackElo "2434"]
[PlyCount "50"]
[EventDate "2009.??.??"]

1. e4 c5 2. Nc3 Nc6 3. Bb5 Nd4 4. Bc4 g6 5. Nge2 Bg7 6. Nxd4 cxd4 7. Qf3 Nh6 8.
Ne2 e6 9. d3 f5 10. O-O O-O 11. Qg3 Kh8 12. Bb3 Nf7 13. Bd2 b6 14. Nf4 Be5 15.
Qh3 Rg8 16. exf5 gxf5 17. Rae1 Bb7 18. f3 Qg5 19. Rxe5 Nxe5 20. Rf2 Qe7 21. Kf1
Nf7 22. Re2 Rae8 23. c3 (23. Nxe6 dxe6 24. Rxe6 Qc5 25. Rxe8 Rxe8 26. Bxf7 Qxc2
27. Bxe8 Qxd3+) 23... Ng5 24. Qh5 Qg7 25. Ke1 Nxf3+ 0-1

[Event "Münsterland Open"]
[Site "Senden"]
[Date "2009.10.15"]
[Round "7.4"]
[White "Müller, Martin"]
[Black "Hug, Marcel"]
[Result "1/2-1/2"]
[WhiteElo "2093"]
[BlackElo "2326"]
[PlyCount "81"]
[EventDate "2009.??.??"]

1. e4 e5 2. Nf3 d6 3. d4 exd4 4. Nxd4 Nf6 5. Nc3 Be7 6. Be2 O-O 7. Be3 Re8 8.
h3 Bf8 9. Bg5 h6 10. Bh4 g5 11. Bg3 Nxe4 12. Nxe4 Rxe4 13. f3 Re8 14. Kf2 Bg7
15. c3 Nc6 16. Nxc6 bxc6 17. Bd3 Rb8 18. Qd2 f5 19. Rae1 f4 20. Bh2 Rxe1 21.
Rxe1 Bd7 22. Bg1 Qf6 23. Kf1 c5 24. Bc4+ Kh8 25. Bxc5 Rd8 26. Bd4 Qf8 27. Bxg7+
Qxg7 28. Qd5 h5 29. h4 Rb8 30. Bb3 Rf8 31. Qxg5 Qxg5 32. hxg5 Re8 33. Bf7 Rxe1+
34. Kxe1 h4 35. Kf2 Kg7 36. Bh5 Be6 37. a3 Bb3 38. Ke2 Bc4+ 39. Kf2 Bb3 40. Ke2
Bc4+ 41. Kf2 1/2-1/2

[Event "Münsterland Open"]
[Site "Senden"]
[Date "2009.10.15"]
[Round "7.5"]
[White "Hüttemann, Ralf"]
[Black "Seegers, Hendrik"]
[Result "1-0"]
[WhiteElo "1996"]
[BlackElo "2241"]
[PlyCount "77"]
[EventDate "2009.??.??"]

1. d4 d5 2. Nf3 e6 3. e3 Nf6 4. Bd3 Be7 5. O-O O-O 6. Nbd2 b6 7. c3 Bb7 8. Ne5
Nbd7 9. Re1 Nxe5 10. dxe5 Nd7 11. f4 f6 12. Qh5 f5 13. b4 c5 14. a3 a5 15. bxa5
Rxa5 16. c4 Rf7 17. cxd5 Bxd5 18. e4 g6 19. Qh3 Bc6 20. Nc4 Ra7 21. Nd6 Bxd6
22. exd6 b5 23. Bb2 c4 24. exf5 exf5 25. Bc2 Nf6 26. Rad1 Rad7 27. Re6 Be4 28.
Bxe4 Nxe4 29. Rxg6+ Rg7 30. Rxg7+ Rxg7 31. Bxg7 Kxg7 32. Qe3 Qd7 33. g4 c3 34.
Qd4+ Kg6 35. h4 c2 36. Rc1 Qc6 37. h5+ Kf7 38. d7 Ng3 39. d8=N+ 1-0

[Event "Münsterland Open"]
[Site "Senden"]
[Date "2009.10.15"]
[Round "7.6"]
[White "Korth, Daniel"]
[Black "Günnigmann, Manuel"]
[Result "0-1"]
[WhiteElo "2239"]
[BlackElo "2158"]
[PlyCount "88"]
[EventDate "2009.??.??"]

1. d4 Nf6 2. c4 g6 3. Nc3 d5 4. Bf4 Bg7 5. Nf3 O-O 6. Rc1 dxc4 7. e3 Be6 8. Be2
h6 9. O-O c6 10. Bxb8 Qxb8 11. Ne5 c5 12. Bxc4 Bxc4 13. Nxc4 cxd4 14. Qxd4 Rd8
15. Qe5 Qxe5 16. Nxe5 Nd5 17. Nxd5 Rxd5 18. f4 Bxe5 19. fxe5 Rxe5 20. Rfd1 Rxe3
21. Kf2 Re5 22. Rc7 b6 23. Rdd7 Kf8 24. Rxa7 Rxa7 25. Rxa7 Rb5 26. b3 Ra5 27.
Rb7 Rxa2+ 28. Kf3 Ke8 29. Rxb6 Kd7 30. Rb7+ Kd6 31. h3 Rc2 32. Rb8 e5 33. Rd8+
Ke7 34. Rb8 Kd6 35. Rd8+ Ke7 36. Rb8 f5 37. g4 Rc3+ 38. Kg2 f4 39. Rb6 e4 40.
Rxg6 Rc2+ 41. Kf1 e3 42. Rg7+ Kf6 43. Rg8 Kf7 44. Ra8 f3 0-1

[Event "Münsterland Open"]
[Site "Senden"]
[Date "2009.10.15"]
[Round "7.7"]
[White "Beckmann, David"]
[Black "Freitag, Julia"]
[Result "0-1"]
[WhiteElo "2037"]
[BlackElo "2202"]
[PlyCount "78"]
[EventDate "2009.??.??"]

1. d4 d5 2. c4 e6 3. Nc3 f5 4. Nf3 c6 5. cxd5 exd5 6. g3 Bd6 7. Bg2 Nf6 8. Bg5
h6 9. Bxf6 Qxf6 10. e3 Nd7 11. O-O g5 12. Rb1 a5 13. a3 Qe7 14. Qa4 Nb6 15. Qc2
Bd7 16. Na4 Nxa4 17. Qxa4 O-O 18. Rfd1 Rfb8 19. Ne5 b5 20. Qc2 Bxe5 21. dxe5
Qxe5 22. e4 fxe4 23. Bxe4 Rf8 24. Bh7+ Kh8 25. Re1 Qf6 26. Re3 d4 27. Re2 Bg4
28. Rd2 Rae8 29. Qg6 c5 30. Qxf6+ Rxf6 31. Bd3 c4 32. Bf1 d3 33. h3 Bf3 34. Bg2
Re2 35. Rxe2 Bxe2 36. Bf1 Re6 37. Re1 b4 38. f4 c3 39. bxc3 bxc3 0-1

[Event "Münsterland Open"]
[Site "Senden"]
[Date "2009.10.15"]
[Round "7.8"]
[White "Wittenberg, Andreas"]
[Black "Schalla, Dieter"]
[Result "1-0"]
[WhiteElo "2188"]
[BlackElo "2092"]
[PlyCount "115"]
[EventDate "2009.??.??"]

1. Nf3 Nf6 2. d4 g6 3. g3 Bg7 4. Bg2 O-O 5. O-O d6 6. b3 c5 7. Bb2 cxd4 8. Nxd4
Nbd7 9. c4 Ne5 10. Nc3 Nc6 11. Nc2 Be6 12. Ne3 Qd7 13. Re1 h5 14. Qd2 Bh3 15.
Bh1 h4 16. Ncd5 Bh6 17. f4 Ng4 18. Qc3 f6 19. Be4 hxg3 20. hxg3 Nxe3 21. Nxe3
e5 22. Nd5 Qg4 23. Qf3 Qxf3 24. Bxf3 Bd7 25. Ba3 Rf7 26. Bxd6 Bf8 27. Bxf8 Kxf8
28. e3 f5 29. Rad1 e4 30. Be2 Be6 31. Nc3 Ke7 32. Kg2 Nb4 33. Rh1 Rg7 34. Kf2
g5 35. fxg5 Rag8 36. Rdg1 Rd8 37. Rd1 Rdg8 38. a3 Nc6 39. g4 Rxg5 40. Rh7+ R5g7
41. Rxg7+ Rxg7 42. gxf5 Bxf5 43. Nd5+ Ke6 44. Nf4+ Ke7 45. Rd5 Be6 46. Rh5 Bf7
47. Rb5 b6 48. Bd1 Rh7 49. Rg5 Rh1 50. Ke2 Kf6 51. Rg2 Ne5 52. Bc2 Kf5 53. Kd2
Nf3+ 54. Kc3 Re1 55. Re2 Ra1 56. Kb2 Rh1 57. Rf2 Re1 58. Rxf3 1-0

[Event "Münsterland Open"]
[Site "Senden"]
[Date "2009.10.15"]
[Round "7.9"]
[White "Stöckmann, Helmut"]
[Black "Meyer, Ulrich"]
[Result "1/2-1/2"]
[WhiteElo "2137"]
[BlackElo "2043"]
[PlyCount "23"]
[EventDate "2009.??.??"]

1. c4 f5 2. Nc3 Nf6 3. d4 e6 4. Nf3 Be7 5. g3 d5 6. Bg2 c6 7. O-O O-O 8. b3 Ne4
9. Bb2 Nd7 10. e3 Ndf6 11. Ne5 Bd7 12. f3 1/2-1/2

[Event "Münsterland Open"]
[Site "Senden"]
[Date "2009.10.15"]
[Round "7.10"]
[White "Steinle, Carsten"]
[Black "Sommer, Uwe"]
[Result "1-0"]
[WhiteElo "2120"]
[BlackElo "2039"]
[PlyCount "79"]
[EventDate "2009.??.??"]

1. Nf3 c5 2. g3 Nc6 3. Bg2 Nf6 4. O-O e5 5. d3 d5 6. e4 d4 7. Nbd2 Bd6 8. c3
O-O 9. cxd4 exd4 10. a3 b5 11. Nh4 Be6 12. Nf5 Rc8 13. Nb3 Ne7 14. Nxd6 Qxd6
15. Bd2 Nc6 16. Rc1 Nd7 17. f4 f6 18. f5 Bf7 19. Bf3 b4 20. a4 a5 21. Bh5 Nb6
22. Bxf7+ Rxf7 23. Rc2 Rfc7 24. Qa1 g6 25. Rxc5 gxf5 26. Rfxf5 Ne7 27. Rxc7
Rxc7 28. Rf2 f5 29. Qf1 Qe6 30. Nxa5 fxe4 31. Rf6 e3 32. Bxe3 Qxf6 33. Qxf6
dxe3 34. Qg5+ Kf7 35. Qxe3 Nxa4 36. Nc4 Ng6 37. h4 h5 38. Qh6 Kf6 39. Qg5+ Kf7
40. Nd6+ 1-0

[Event "Münsterland Open"]
[Site "Senden"]
[Date "2009.10.16"]
[Round "8.1"]
[White "Poetsch, Hagen"]
[Black "Karpatchev, Aleksandr"]
[Result "0-1"]
[WhiteElo "2351"]
[BlackElo "2477"]
[PlyCount "82"]
[EventDate "2009.??.??"]

1. e4 e5 2. Nf3 Nc6 3. Bc4 Bc5 4. O-O Nf6 5. d4 Bxd4 6. Nxd4 Nxd4 7. f4 d6 8.
fxe5 dxe5 9. Bg5 Qe7 10. Bxf6 gxf6 11. c3 Ne6 12. Na3 Rg8 13. Kh1 Bd7 14. Nc2
O-O-O 15. Ne3 Nf4 16. Qf3 f5 17. g3 fxe4 18. Qf2 Nd3 19. Qxf7 Qg5 20. Be6 Bxe6
21. Qxe6+ Kb8 22. Nc4 e3 23. Rf5 Qg6 24. Qxg6 hxg6 25. Rf3 e2 26. Re3 Nf2+ 27.
Kg2 Rd1 28. Rxe2 Rxa1 29. Kxf2 Rxa2 30. Nxe5 a5 31. Nd3 Rf8+ 32. Kg2 b6 33. Kh3
Rd8 34. Ne5 Rd6 35. Kg4 Kb7 36. Nf7 Rd5 37. Ne5 a4 38. Nxg6 a3 39. Nf4 Rxb2 40.
Re1 Ra5 41. Nd3 Rxh2 0-1

[Event "Münsterland Open"]
[Site "Senden"]
[Date "2009.10.16"]
[Round "8.2"]
[White "Stets, Dmitry"]
[Black "Günnigmann, Manuel"]
[Result "1-0"]
[WhiteElo "2434"]
[BlackElo "2158"]
[PlyCount "51"]
[EventDate "2009.??.??"]

1. e4 c5 2. Nf3 Nc6 3. Nc3 e5 4. Bc4 Be7 5. d3 d6 6. O-O Nf6 7. Ng5 O-O 8. f4
Bg4 9. Qd2 exf4 10. Qxf4 Ne5 11. Bb3 h6 12. Nf3 Nxf3+ 13. gxf3 Bh3 14. Qg3 Bxf1
15. Bxh6 Ne8 16. Rxf1 Bh4 17. Qg4 Qf6 18. Be3 Nc7 19. f4 g6 20. e5 dxe5 21. Ne4
Qh8 22. Bxc5 Qh5 23. Qxh5 gxh5 24. fxe5 Kg7 25. Bxf8+ Rxf8 26. Nd6 1-0

[Event "Münsterland Open"]
[Site "Senden"]
[Date "2009.10.16"]
[Round "8.3"]
[White "Torres-Kuckel, Rafael"]
[Black "Hüttemann, Ralf"]
[Result "1-0"]
[WhiteElo "2257"]
[BlackElo "1996"]
[PlyCount "61"]
[EventDate "2009.??.??"]

1. e4 e5 2. Nf3 Nc6 3. Bb5 Nf6 4. d3 d6 5. c3 Be7 6. O-O O-O 7. Re1 a6 8. Ba4
b5 9. Bb3 Na5 10. Bc2 c5 11. d4 Qc7 12. Bg5 cxd4 13. cxd4 Bg4 14. Nbd2 Rac8 15.
Rc1 Qb8 16. h3 Bh5 17. Nf1 h6 18. Bh4 Rfe8 19. Ng3 Bg6 20. Nf5 Bxf5 21. exf5
Nd7 22. dxe5 Bxh4 23. Nxh4 Nxe5 24. f6 Nac4 25. Nf5 Nxb2 26. Qh5 Rxc2 27. Nxh6+
gxh6 28. Qxh6 Nf3+ 29. gxf3 Rxe1+ 30. Rxe1 Qf8 31. Re8 1-0

[Event "Münsterland Open"]
[Site "Senden"]
[Date "2009.10.16"]
[Round "8.4"]
[White "Hug, Marcel"]
[Black "Hokamp, Sascha"]
[Result "1-0"]
[WhiteElo "2326"]
[BlackElo "2100"]
[PlyCount "75"]
[EventDate "2009.??.??"]

1. e4 d6 2. d4 c6 3. Nc3 Qc7 4. Nf3 e5 5. a4 Be7 6. Bc4 Nf6 7. O-O O-O 8. h3
Nbd7 9. Re1 b6 10. Bg5 Re8 11. Qd2 Bf8 12. Rad1 a6 13. dxe5 dxe5 14. Ba2 h6 15.
Bh4 Nh5 16. g4 Nf4 17. Kh2 g5 18. Bg3 Ng6 19. h4 Nf6 20. hxg5 Bxg4 21. gxf6
Bxf3 22. Qd7 Qxd7 23. Rxd7 Nh8 24. Rg1 Bh5 25. Bxe5+ Kh7 26. Bd6 Bxd6+ 27. Rxd6
Rg8 28. f4 Rac8 29. f5 Rc7 30. Rxg8 Kxg8 31. Rd8+ Kh7 32. Kg3 b5 33. e5 bxa4
34. e6 fxe6 35. fxe6 Kg6 36. Ne4 Kf5 37. Rxh8 Kxe4 38. f7 1-0

[Event "Münsterland Open"]
[Site "Senden"]
[Date "2009.10.16"]
[Round "8.5"]
[White "Freitag, Julia"]
[Black "Müller, Martin"]
[Result "1-0"]
[WhiteElo "2202"]
[BlackElo "2093"]
[PlyCount "47"]
[EventDate "2009.??.??"]

1. d4 f5 2. Bg5 g6 3. e3 Bg7 4. f4 c5 5. c3 Qb6 6. Qc2 d6 7. Bc4 e5 8. Nf3 Nc6
9. dxe5 dxe5 10. O-O Nf6 11. fxe5 Ng4 12. e6 h6 13. h3 Nge5 14. Nxe5 Nxe5 15.
Qa4+ Nc6 16. Bh4 Qc7 17. Nd2 Be5 18. Rad1 Bg3 19. Bxg3 Qxg3 20. Bd5 Rb8 21.
Bxc6+ bxc6 22. Qxc6+ Ke7 23. Nc4 Bxe6 24. Rd6 1-0

[Event "Münsterland Open"]
[Site "Senden"]
[Date "2009.10.16"]
[Round "8.6"]
[White "Chilla, Jan Eric"]
[Black "Wittenberg, Andreas"]
[Result "1-0"]
[WhiteElo "2055"]
[BlackElo "2188"]
[PlyCount "65"]
[EventDate "2009.??.??"]

1. d4 d5 2. c4 e6 3. Nc3 Nf6 4. cxd5 exd5 5. Bg5 Be7 6. e3 Nbd7 7. Bd3 c6 8.
Nge2 Nh5 9. Bxe7 Qxe7 10. Qc2 g6 11. O-O-O Nb6 12. Kb1 Bd7 13. Ng3 Nxg3 14.
hxg3 h5 15. e4 dxe4 16. Nxe4 O-O-O 17. Rhe1 Kb8 18. Qc5 Rhe8 19. Nd6 Qxe1 20.
Rxe1 Rxe1+ 21. Kc2 Be6 22. a4 Ra1 23. Qe5 Ka8 24. Nxf7 Re8 25. Qg7 Nd5 26. Nd6
Rb8 27. Bxg6 Rxa4 28. f4 Bg4 29. f5 Ra1 30. f6 Rf1 31. f7 Be6 32. Ne8 Rf2+ 33.
Kd3 1-0

[Event "Münsterland Open"]
[Site "Senden"]
[Date "2009.10.16"]
[Round "8.7"]
[White "Grawunder, Jürgen"]
[Black "Steinle, Carsten"]
[Result "0-1"]
[WhiteElo "2119"]
[BlackElo "2120"]
[PlyCount "86"]
[EventDate "2009.??.??"]

1. Nf3 Nf6 2. d3 d5 3. c3 b6 4. Nbd2 e6 5. e4 Be7 6. Be2 c5 7. O-O Nc6 8. Qc2
Qc7 9. b3 Bb7 10. Bb2 O-O 11. Rfe1 Rac8 12. Rad1 Rfd8 13. a4 h6 14. h3 a6 15.
c4 dxe4 16. dxe4 e5 17. Bc3 Bd6 18. Bd3 Re8 19. Nf1 Nd4 20. Qb1 Nxf3+ 21. gxf3
Nh5 22. Ne3 Re6 23. Kh2 Rf6 24. Be2 Nf4 25. Qb2 Re8 26. Ng4 Rg6 27. Bf1 h5 28.
Ne3 Qe7 29. Bg2 Qh4 30. Rg1 Rxg2+ 31. Rxg2 Qxh3+ 32. Kg1 Nxg2 33. Nxg2 Re6 34.
Kf1 Qh1+ 35. Ke2 Qxg2 36. Rd3 Be7 37. Qd2 Bh4 38. Qe1 g5 39. Rd8+ Kg7 40. Rb8
Bc6 41. Rxb6 Bxe4 42. Rxe6 Qxf3+ 43. Kf1 Qh3+ 0-1

[Event "Münsterland Open"]
[Site "Senden"]
[Date "2009.10.16"]
[Round "8.8"]
[White "Seegers, Hendrik"]
[Black "Meyer, Ulrich"]
[Result "0-1"]
[WhiteElo "2241"]
[BlackElo "2043"]
[PlyCount "92"]
[EventDate "2009.??.??"]

1. d4 d5 2. Nf3 Nf6 3. Bf4 Bf5 4. e3 e6 5. Bd3 Bxd3 6. Qxd3 Nbd7 7. Nbd2 Be7 8.
h3 c5 9. c3 Qb6 10. O-O h6 11. Ne5 Nxe5 12. Bxe5 O-O 13. e4 Rfd8 14. dxc5 dxe4
15. Qg3 Qxc5 16. Bxf6 Bxf6 17. Nxe4 Qe5 18. Nxf6+ Qxf6 19. Qc7 Rac8 20. Qxb7
Rb8 21. Qxa7 Rxb2 22. Rfd1 Rc8 23. Rac1 Rc4 24. a4 Rxa4 25. Qe3 Raa2 26. Rf1
Re2 27. Qg3 e5 28. c4 e4 29. Rce1 Qd4 30. Rxe2 Rxe2 31. Rc1 Qd2 32. Ra1 Qc2 33.
Ra8+ Kh7 34. Rc8 Re1+ 35. Kh2 Rf1 36. Re8 Rxf2 37. Re5 Rf1 38. Qe3 f5 39. c5
Qb2 40. Re6 Qb8+ 41. Rd6 Qb1 42. Re6 Re1 43. Rb6 Qa1 44. Qf2 Rh1+ 45. Kg3 Qe5+
46. Qf4 Qc3+ 0-1

[Event "Münsterland Open"]
[Site "Senden"]
[Date "2009.10.16"]
[Round "8.9"]
[White "Jacobsen, Henrik"]
[Black "Haselhorst, Helmut"]
[Result "0-1"]
[WhiteElo "1985"]
[BlackElo "2192"]
[PlyCount "72"]
[EventDate "2009.??.??"]

1. d4 Nf6 2. Nf3 d6 3. Bf4 g6 4. h3 Bg7 5. e3 O-O 6. Bc4 Nc6 7. c3 Nd7 8. Nbd2
e5 9. Bh2 Kh8 10. Qc2 Qe7 11. O-O-O a6 12. h4 Nf6 13. Ng5 b5 14. Be2 exd4 15.
Bf3 dxe3 16. Bxc6 exd2+ 17. Rxd2 Rb8 18. Re2 Qd8 19. h5 Bd7 20. Bf3 Nxh5 21.
Ne4 Nf6 22. Bf4 Nxe4 23. Bxe4 Kg8 24. Qd2 Re8 25. Bh6 Bh8 26. Bg5 Bf6 27. f4
Bxg5 28. fxg5 Re5 29. g4 Bxg4 30. Reh2 Bh5 31. Rxh5 gxh5 32. Bxh7+ Kxh7 33.
Rxh5+ Kg7 34. Qf4 Qe7 35. Qh4 Re1+ 36. Kc2 Qe4+ 0-1

[Event "Münsterland Open"]
[Site "Senden"]
[Date "2009.10.16"]
[Round "8.10"]
[White "Müller, Achim"]
[Black "Lehmann, Holger"]
[Result "0-1"]
[WhiteElo "1927"]
[BlackElo "2188"]
[PlyCount "98"]
[EventDate "2009.??.??"]

1. d4 Nf6 2. c4 c5 3. d5 b5 4. Qc2 b4 5. b3 d6 6. Bb2 Nbd7 7. Nf3 g6 8. g3 Bg7
9. Nbd2 a5 10. a4 Bb7 11. Bg2 e5 12. e4 Qe7 13. Nf1 Kd8 14. Bc1 h6 15. Ne3 Kc7
16. Bd2 Nh7 17. O-O-O Ndf6 18. h4 Bc8 19. Bh3 Bxh3 20. Rxh3 Qd7 21. Rhh1 Raf8
22. Nh2 Ng8 23. Rdf1 Ne7 24. Kb1 f5 25. f3 f4 26. gxf4 exf4 27. Ng2 g5 28. hxg5
hxg5 29. Ng4 Nf6 30. Nxf6 Bxf6 31. Bc1 Ng6 32. Ne1 Rh3 33. Rxh3 Qxh3 34. Rg1
Qh6 35. Bb2 Bxb2 36. Qxb2 Ne5 37. Qg2 g4 38. fxg4 f3 39. Qf2 Qf4 40. g5 Qxe4+
41. Nc2 Ng4 42. Qh4 f2 43. Rf1 Rf3 44. Kb2 Rc3 45. Rxf2 Nxf2 46. Qxf2 Rf3 47.
Qe1 Qe5+ 48. Ka2 Qxe1 49. Nxe1 Rf2+ 0-1

[Event "Münsterland Open"]
[Site "Senden"]
[Date "2009.10.17"]
[Round "9.1"]
[White "Karpatchev, Aleksandr"]
[Black "Torres-Kuckel, Rafael"]
[Result "1/2-1/2"]
[WhiteElo "2477"]
[BlackElo "2257"]
[PlyCount "43"]
[EventDate "2009.??.??"]

1. e4 e5 2. Nf3 Nc6 3. Bc4 Bc5 4. d3 Nf6 5. Nc3 d6 6. h3 h6 7. a3 O-O 8. g4 Nh7
9. Rg1 Be6 10. h4 Bxc4 11. dxc4 Kh8 12. Be3 Nd4 13. g5 Nxf3+ 14. Qxf3 Bxe3 15.
Qxe3 h5 16. O-O-O b6 17. f4 exf4 18. Qxf4 Qe8 19. Qf3 g6 20. Nd5 Rc8 21. Nf6
Qe6 22. Nd5 1/2-1/2

[Event "Münsterland Open"]
[Site "Senden"]
[Date "2009.10.17"]
[Round "9.2"]
[White "Hug, Marcel"]
[Black "Stets, Dmitry"]
[Result "1/2-1/2"]
[WhiteElo "2326"]
[BlackElo "2434"]
[PlyCount "47"]
[EventDate "2009.??.??"]

1. e4 c5 2. c4 Nc6 3. Nc3 g6 4. g3 Bg7 5. Bg2 a6 6. a4 e6 7. d3 Nge7 8. Nge2
O-O 9. O-O Rb8 10. Rb1 d6 11. Be3 Qc7 12. d4 Nb4 13. dxc5 dxc5 14. Bf4 e5 15.
Bg5 Nec6 16. Nd5 Nxd5 17. cxd5 Nd4 18. Nxd4 cxd4 19. Rc1 Qd6 20. Qb3 Bd7 21. f4
b5 22. a5 Rbc8 23. fxe5 Bxe5 24. Bd2 1/2-1/2

[Event "Münsterland Open"]
[Site "Senden"]
[Date "2009.10.17"]
[Round "9.3"]
[White "Steinle, Carsten"]
[Black "Poetsch, Hagen"]
[Result "0-1"]
[WhiteElo "2120"]
[BlackElo "2351"]
[PlyCount "34"]
[EventDate "2009.??.??"]

1. d4 d5 2. Nf3 Bg4 3. Nbd2 Nc6 4. b3 e6 5. Bb2 Nf6 6. e3 Ne4 7. Rc1 Ba3 8. Rb1
Bb4 9. c3 Bxc3 10. Qc1 Ba5 11. a3 Bxf3 12. b4 Nxd2 13. Qxd2 Be4 14. Rc1 Bb6 15.
f3 Bg6 16. h4 h5 17. Kf2 Ne7 0-1

[Event "Münsterland Open"]
[Site "Senden"]
[Date "2009.10.17"]
[Round "9.4"]
[White "Freitag, Julia"]
[Black "Chilla, Jan Eric"]
[Result "0-1"]
[WhiteElo "2202"]
[BlackElo "2055"]
[PlyCount "104"]
[EventDate "2009.??.??"]

1. d4 Nf6 2. e3 d5 3. f4 Bf5 4. Bd3 Bxd3 5. Qxd3 a6 6. Nd2 e6 7. Ngf3 c5 8. c3
Nfd7 9. O-O c4 10. Qe2 f5 11. b3 b5 12. a4 Nc6 13. Ng5 Nf6 14. Nxe6 Qc8 15.
axb5 Qxe6 16. bxc6 cxb3 17. Nxb3 Qxc6 18. Bd2 Ne4 19. Na5 Qb5 20. Qd1 Rb8 21.
Be1 Be7 22. Qa4 Kd7 23. c4 Qxa4 24. Rxa4 Rhc8 25. c5 Rb2 26. Rb4 Rb8 27. Rxb8
Rxb8 28. Bg3 Bd8 29. c6+ Kc7 30. Rc1 Be7 31. Nb7 Bb4 32. Bh4 Bd2 33. Rc2 Bxe3+
34. Kf1 Bxd4 35. Be7 Bc3 36. Rxc3 Nxc3 37. Bd6+ Kxc6 38. Bxb8 Kxb7 39. Be5 Ne4
40. Bxg7 Kc6 41. Ke2 a5 42. Kd3 Nc5+ 43. Kc3 Ne6 44. Be5 Kc5 45. h3 h5 46. Kd3
a4 47. h4 a3 48. Kc3 d4+ 49. Kb3 a2 50. Kxa2 Kc4 51. Kb2 Kd3 52. Kb3 Ke3 0-1

[Event "Münsterland Open"]
[Site "Senden"]
[Date "2009.10.17"]
[Round "9.5"]
[White "Günnigmann, Manuel"]
[Black "Haselhorst, Helmut"]
[Result "1-0"]
[WhiteElo "2158"]
[BlackElo "2192"]
[PlyCount "39"]
[EventDate "2009.??.??"]

1. e4 Nf6 2. e5 Nd5 3. d4 d6 4. c4 Nb6 5. exd6 exd6 6. Nc3 Be7 7. Bd3 O-O 8.
Nge2 Re8 9. O-O Nc6 10. b3 Bg4 11. f3 Bh5 12. Be3 Bg5 13. Bf2 Be3 14. Bxe3 Rxe3
15. Be4 f5 16. Bxf5 Qg5 17. Qd2 Rf8 18. Be6+ Kh8 19. f4 Rxe2 20. fxg5 1-0

[Event "Münsterland Open"]
[Site "Senden"]
[Date "2009.10.17"]
[Round "9.6"]
[White "Meyer, Ulrich"]
[Black "Lehmann, Holger"]
[Result "0-1"]
[WhiteElo "2043"]
[BlackElo "2188"]
[PlyCount "100"]
[EventDate "2009.??.??"]

1. e4 c5 2. a3 g6 3. b4 Bg7 4. Nc3 b6 5. Rb1 d6 6. Bb5+ Bd7 7. Bxd7+ Nxd7 8. f4
e5 9. Nb5 Ndf6 10. fxe5 dxe5 11. bxc5 bxc5 12. Qe2 Ne7 13. Nf3 a6 14. Nc3 Qd6
15. Qc4 O-O 16. O-O h6 17. d3 Nd7 18. Be3 Nc6 19. Na4 Nd4 20. Nd2 Rac8 21. Rb7
Rc7 22. Rfb1 Nb5 23. Rxc7 Qxc7 24. Rb3 Rc8 25. Nc3 Nd4 26. Nd5 Qd6 27. Rb7 Rb8
28. Rxb8+ Nxb8 29. Qa4 Nd7 30. c3 Ne2+ 31. Kf2 Nf4 32. Bxf4 exf4 33. Nc4 Qe6
34. Qd1 g5 35. Qf3 Nf6 36. Ncb6 Ng4+ 37. Kg1 Ne3 38. Nxe3 Qxb6 39. Nd5 Qb2 40.
Qg4 Bxc3 41. h4 Bd4+ 42. Kh2 Qf2 43. Qf3 Qxh4+ 44. Qh3 Qe1 45. Qf3 h5 46. Qxh5
Qg3+ 47. Kh1 f3 48. Qxf3 Qh4+ 49. Qh3 Qe1+ 50. Kh2 Bg1+ 0-1

[Event "Münsterland Open"]
[Site "Senden"]
[Date "2009.10.17"]
[Round "9.7"]
[White "Hüttemann, Ralf"]
[Black "Kümpers, Ulrich"]
[Result "1-0"]
[WhiteElo "1996"]
[BlackElo "2145"]
[PlyCount "87"]
[EventDate "2009.??.??"]

1. d4 Nf6 2. Nf3 g6 3. Bf4 Bg7 4. e3 O-O 5. h3 d5 6. Bd3 c5 7. c3 Qb6 8. Qc1
Nc6 9. O-O Bf5 10. Bxf5 gxf5 11. dxc5 Qxc5 12. Nbd2 Ne4 13. Nb3 Qb6 14. Nh4 e5
15. Bh2 Ne7 16. Qd1 Rad8 17. Qh5 a5 18. Nxf5 Nxf5 19. Qxf5 a4 20. Nc1 Qxb2 21.
Nd3 Qxc3 22. Nxe5 Nd6 23. Qh5 d4 24. exd4 Qxd4 25. Nf3 Qf6 26. Rad1 Nf5 27. Qg4
b5 28. Qb4 Qb6 29. Ne5 Rfe8 30. Rxd8 Rxd8 31. Qe4 Qe6 32. Re1 Re8 33. g4 Nd6
34. Qc6 Rc8 35. Qa6 Qd5 36. Nxf7 Rc6 37. Qa8+ Kxf7 38. Bxd6 Qxd6 39. Qe8+ Kf6
40. h4 h6 41. h5 Kg5 42. Qf7 Bd4 43. Qf5+ Kh4 44. Kg2 1-0

[Event "Münsterland Open"]
[Site "Senden"]
[Date "2009.10.17"]
[Round "9.8"]
[White "Wittenberg, Andreas"]
[Black "Steiner, Karl"]
[Result "1-0"]
[WhiteElo "2188"]
[BlackElo "2088"]
[PlyCount "65"]
[EventDate "2009.??.??"]

1. d4 Nf6 2. Nf3 e6 3. e3 d5 4. Bd3 c5 5. b3 cxd4 6. exd4 Be7 7. O-O O-O 8.
Nbd2 Bd7 9. Bb2 Bc6 10. Qe2 Nbd7 11. Ne5 Re8 12. Rae1 g6 13. f4 Bf8 14. Qf3 Qb6
15. Qe2 a6 16. Ndf3 Bb5 17. c4 dxc4 18. bxc4 Bc6 19. Ng5 Re7 20. Kh1 h6 21.
Ngxf7 Rxf7 22. Nxf7 Kxf7 23. Qxe6+ Kg7 24. Bc3 Re8 25. Qh3 Rxe1 26. Rxe1 Bb4
27. c5 Qa5 28. Re7+ Kf8 29. Qe6 Bd5 30. Qd6 Bxc5 31. dxc5 Qxc3 32. Rxd7+ Kg8
33. Qb8+ 1-0

[Event "Münsterland Open"]
[Site "Senden"]
[Date "2009.10.17"]
[Round "9.9"]
[White "Müller, Martin"]
[Black "Grawunder, Jürgen"]
[Result "1-0"]
[WhiteElo "2093"]
[BlackElo "2119"]
[PlyCount "47"]
[EventDate "2009.??.??"]

1. e4 d6 2. d4 Nd7 3. Nf3 e5 4. Bc4 h6 5. dxe5 dxe5 6. Bxf7+ Kxf7 7. Nxe5+ Kf6
8. Qd4 c5 9. Nxd7+ Ke7 10. Qe5+ Kxd7 11. O-O Kc6 12. Bf4 Qd6 13. Qe8+ Bd7 14.
Qxa8 Qxf4 15. g3 Qf7 16. Qxa7 Bh3 17. Qa4+ Kc7 18. Nc3 Qf3 19. Nd5+ Kd6 20. Nf4
Bxf1 21. Rxf1 Nf6 22. e5+ Kxe5 23. Ng6+ Kf5 24. Nh4+ 1-0

[Event "Münsterland Open"]
[Site "Senden"]
[Date "2009.10.17"]
[Round "9.10"]
[White "Hacker, Christian"]
[Black "Wagner, Ralf"]
[Result "0-1"]
[WhiteElo "2103"]
[BlackElo "2085"]
[PlyCount "124"]
[EventDate "2009.??.??"]

1. e4 e6 2. d4 d5 3. Nc3 Nf6 4. e5 Nfd7 5. f4 c5 6. Nf3 Nc6 7. Be3 cxd4 8. Nxd4
Bc5 9. Qd2 Bxd4 10. Bxd4 Nxd4 11. Qxd4 Qb6 12. O-O-O Qxd4 13. Rxd4 a6 14. Be2
O-O 15. Nd1 Nb8 16. Ne3 Nc6 17. Rd2 b5 18. c3 Bd7 19. Kb1 Rfc8 20. Rc1 Rc7 21.
Nc2 Nd8 22. Nd4 Kf8 23. Rdd1 Rac8 24. a4 bxa4 25. Bxa6 Rb8 26. Ka2 Rb6 27. Be2
Ke7 28. c4 dxc4 29. Rxc4 Rcb7 30. Rd2 f6 31. exf6+ gxf6 32. Bd1 e5 33. fxe5
fxe5 34. Bxa4 exd4 35. Rcxd4 Be6+ 36. Kb1 Bf5+ 37. Ka2 Nc6 38. Rh4 Nb4+ 39. Ka3
Na6 40. Rc4 Nb4 41. Rcd4 Na6 42. Rc4 Nc7 43. Re2+ Ne6 44. Rc6 Rb4 45. Rc7+ Kf6
46. Rxb7 Rxb7 47. Rf2 Ke5 48. Bc2 Bxc2 49. Rxc2 Nd4 50. Rf2 Ke4 51. Rf8 Rg7 52.
Rh8 Ke3 53. b4 Rb7 54. h4 Nc2+ 55. Kb3 Nxb4 56. h5 Nd5+ 57. Kc4 Nf6 58. h6 Rc7+
59. Kb5 Ng4 60. Re8+ Kf4 61. Kb6 Rf7 62. Re6 Rf6 0-1